Declaración de principios del gobierno de Chile
Gorde:
| Erakunde egilea: | |
|---|---|
| Formatua: | Liburua |
| Hizkuntza: | gaztelania |
| Argitaratua: |
Santiago
Division Nacional de Comunicación Nacional
1974
|
| Gaiak: | |
| Etiketak: |
Etiketa erantsi
Etiketarik gabe, Izan zaitez lehena erregistro honi etiketa jartzen!
|
MARC
| LEADER | 00000nam a2200000 a 4500 | ||
|---|---|---|---|
| 001 | UCP2821 | ||
| 003 | CL-VaPUC | ||
| 008 | 990531e19740000CL |||||||||||||||||spa|d | ||
| 082 | 0 | 4 | |a 320.011 |b JUN |2 21 |
| 110 | 2 | |a Junta de Gobierno |e author |9 429807 | |
| 245 | 1 | 0 | |a Declaración de principios del gobierno de Chile |
| 300 | |a 36 p | ||
| 942 | |c BK | ||
| 945 | |d 19990531 00:00:00 |a lriquelm | ||
| 260 | |a Santiago |b Division Nacional de Comunicación Nacional |c 1974 | ||
| 650 | 0 | |a Política |9 255312 | |
| 650 | 7 | |a POLITICA INTERNA |2 CL-VaPUC |9 342443 | |
| 650 | 0 | |a Gobierno |9 255508 | |
| 650 | 7 | |a POLITICA NACIONAL |2 CL-VaPUC |9 349430 | |
| 650 | 7 | |a ELABORACION DE POLITICAS |2 CL-VaPUC |9 335865 | |
| 650 | 0 | |a Etica política |9 255799 | |
| 650 | 0 | |a Derechos humanos |9 223025 | |
| 651 | 7 | |a CHILE |2 CL-VaPUC |9 429808 | |
| 583 | |a last modification |c 19990531 00:00:00 |k Rodrigo Vera | ||
| 999 | |c 281291 |d 281289 | ||
| 952 | |0 0 |1 0 |4 0 |6 320_011000000000000_JUN_1974 |7 0 |8 A |9 321995 |a BIBHIS |b BIBHIS |d 2019-11-20 |i 1360779 |o 320.011 JUN 1974 |p 1360779 |r 2025-01-20 |w 2019-11-20 |y BK |k HIS | ||
| 952 | |0 0 |1 0 |4 0 |6 320_011000000000000_JUN_1974 |7 0 |8 A |9 321996 |a BIBHIS |b BIBHIS |d 2019-11-20 |i 1360787 |o 320.011 JUN 1974 |p 1360787 |r 2025-01-20 |w 2019-11-20 |y BK |k HIS | ||